000 01085nam a22002657a 4500
001 7339
003 FISKH
005 20250710082942.0
008 250710b cb ||||| |||| 00| 0 eng d
020 _a9781846431203
040 _aFISKH
_beng
_cFISKH
_dFISKH
050 _aPZ8.K824 T
082 _a398.8
100 _aKubler, Annie
245 _aThis little piggy /
_cIllustrated by Annie Kubler
260 _aSydney :
_bChild's Play,
_c2007.
300 _a10 unnumbered pages :
_bcolor illustrations ;
_c22 cm
505 _aE
520 _aA great introduction to books through well-known nursery rhymes and interactive text. Singing songs and rhymes is the perfect way to bond with your baby and share quality time. It also aids language development by introducing them to the natural sounds and patterns of speech. Combining these with actions also stimulates the brain and helps muscle development.
521 8 _a200
_bLexile estimate
521 8 _aE
_bRaz-Plus
650 _aBody Awareness
_vBoard Book
_xNursery Rhymes
942 _2ddc
_cBK
_n0
999 _c7339
_d7339